000 01005nam a2200217 a 4500
001 000038116
005 20201002031158.0
008 130314s2006 dr a 001 0 spa d
040 _aDO-SdBNP
_bspa
_cBNPHU
082 _a345.729305
_bM492m
100 1 _aMedrano, Claudio Aníbal
_935829
245 1 0 _aManual de procedimientos de gestión penal /
_cClaudio Aníbal Medrano.
260 _aSanto Domingo :
_bSuprema Corte de Justicia,
_c2006.
300 _a3 v. :
_bil. ;
_c29 cm.
504 _aBibliografía: p. 137-140.
505 0 _gv. 1.
_tModelo de gestión del Despacho Judicial Penal de la República Dominicana --
_gv. 2.
_tManual de procedimientos de gestión penal /
_rClaudio Aníbal Medrano --
_gv. 3.
_tManual de procedimientos administrativos del Despacho Judicial Penal.
590 _aInventariado,2018/DG
650 4 _aProcedimiento penal
_zRepública Dominicana
_xManuales
_964490
650 4 _aDerecho penal
_zRepública Dominicana
_xManuales
_964491
910 _aValidado. Control de calidad EMS
999 _c37606
_d37606